000 00360 a2200121 4500
001 ART_2148
005 20260410161723.0
008 260409a
245 1 0 _aLa calidad de servicio
100 1 _aFelcman, Isidoro Luis
700 1 _aKarpf, Luis L.
773 0 _tAdministración de empresas
_g- Año XX, Nº 229/230 (abr./may. 1989)
_wREV2036
999 _c17121
_d17121